| 000 | 01274nam0a22002651 4500 | ||
|---|---|---|---|
| 001 | rc\4773556 | ||
| 005 | 20260406170225.0 | ||
| 021 |
_aRU _b[68-94635] |
||
| 035 | _a(NLR Aleph) 009024431 | ||
| 090 |
_a9449023 _c9449023 |
||
| 100 | _a20130417d1968 |||y0rusy50 ca | ||
| 101 | 0 | _arus | |
| 102 | _aRU | ||
| 105 | _aa z ||||| | ||
| 200 | 1 |
_aОрганизация и управление предприятиями угольной промышленности _e[Сборник статей _fРед. коллегия: ... канд. техн. наук Н.Д. Прокопенко (пред.) и др.] _gАН УССР. Донецкое отд-ние экон.-пром. исследований Ин-та экономики |
|
| 210 |
_aДонецк _cБ. и. _d1968 |
||
| 215 |
_a235 с., 15 л. черт. _d20 |
||
| 606 |
_aУгольная промышленность, предприятия _xЭкономика _jСборники _2psbo |
||
| 702 | 1 |
_aПрокопенко _bН.Д. _gНиколай Дмитриевич _4340 |
|
| 712 | 0 | 2 |
_aИнститут экономики _cКиев _bДонецкое отделение _3RU\NLR\AUTH\889937509 _9369845 |
| 801 | 0 |
_aRU _bNLR _gpsbo |
|
| 801 | 1 |
_aRU _bELAR _2rusmarc |
|
| 852 |
_aNLR _j68-3/7570 |
||
| 942 | _cBOOK | ||
| 980 | _aNB | ||